000 00635nam a2200229Ia 4500
008 160418s9999 xx 000 0 und d
020 _a971-574-041-3
050 _aFIL G 128
050 _b.T56 2002
100 _aTintero, Felipa L.
245 _aWorld geography affected by world upheavals /
245 _cFelipa L. Tintero, Felicitas R. Manacsa.
250 _aRevised Edition
260 _aQuezon City:
260 _bKatha Pub. Co., Inc.,
260 _c2002
300 _a126 pages :
300 _bcolor illustrations ;
300 _c26 cm.
500 _aIncludes bibliographical references.
650 _aGeography.
999 _c293632
_d293632